Ladino - španielčina sefardských Židov v 21. storočí rigorózna práca

Na minha lista:
Detalhes bibliográficos
Autor principal: Chudík, Martin
Autor Corporativo: Fakulta aplikovaných jazykov EU v Bratislave. Katedra románskych a slovanských jazykov
Outros Autores: Maarová, Iveta
Formato: Livro
Idioma:eslovaco
Publicado em: Bratislava 2017
Tags: Adicionar Tag
Sem tags, seja o primeiro a adicionar uma tag!

MARC

LEADER 00000nbm a2200000 4500
001 0242817
005 20190502150532.4
041 0 |a slo 
044 |a SK 
245 1 0 |a Ladino - španielčina sefardských Židov v 21. storočí  |b rigorózna práca  |c Martin Chudík ; školiteľ: Iveta Maarová 
264 1 |a Bratislava  |c 2017 
300 |a 88 s. 
100 1 |a Chudík, Martin 
700 1 |a Maarová, Iveta 
710 2 |a Fakulta aplikovaných jazykov EU v Bratislave. Katedra románskych a slovanských jazykov